Financial Markets Theory : Equilibrium, Efficiency and Information /

<STRONG>Financial Markets Theory</STRONG> presents classical asset pricing theory, a theory composed of milestones such as portfolio selection, risk aversion, fundamental asset pricing theorem, portfolio frontier, CAPM, CCAPM, APT, the Modigliani-Miller Theorem, no arbitrage/risk neutral...

Full description

Bibliographic Details
Main Author: Barucci, Emilio
Corporate Author: SpringerLink (Online service)
Format: eBook
Language:English
Published: London : Springer London : Imprint : Springer, 2003.
Series:Springer finance.
Subjects:
Online Access:Connect to the full text of this electronic book

MARC

Tag First Indicator Second Indicator Subfields
LEADER 00000cam a2200000Ma 4500
001 in00003545196
006 m o d
007 cr nn|||||||||
008 121227s2003 enka o 000 0 eng d
005 20260421163445.1
020 |a 9781447100898 (electronic bk.) 
020 |a 1447100891 (electronic bk.) 
035 |a (OCoLC)840276893 
040 |a I9W  |b eng  |e pn  |c I9W  |d OCLCO  |d OCLCQ  |d UV0  |d OCLCO  |d GW5XE  |d OCLCF  |d UtOrBLW 
049 |a TXAM 
050 4 |a HB135-147 
082 0 4 |a 519  |2 23 
100 1 |a Barucci, Emilio. 
245 1 0 |a Financial Markets Theory :  |b Equilibrium, Efficiency and Information /  |c by Emilio Barucci. 
264 1 |a London :  |b Springer London :  |b Imprint :  |b Springer,  |c 2003. 
300 |a 1 online resource (XII, 467 pages 14 illustrations) 
336 |a text  |b txt  |2 rdacontent 
337 |a computer  |b c  |2 rdamedia 
338 |a online resource  |b cr  |2 rdacarrier 
490 1 |a Springer Finance, 1616-0533 
505 0 |a Prerequisites -- Choices under Risk -- Stochastic Dominance, Mutual Funds Separation and Portfolio Frontier -- General Equilibrium Theory and Risk Exchange -- Risk Premium: Capital Asset Pricing Model and Asset Pricing Theory -- Multiperiod Market Models -- Information and Financial Markets -- Uncertainty, Rationality, Heterogeneity -- Financial Markets Microstructure -- Corporate Finance -- Intermediation and Regulation -- References -- Index. 
520 |a <STRONG>Financial Markets Theory</STRONG> presents classical asset pricing theory, a theory composed of milestones such as portfolio selection, risk aversion, fundamental asset pricing theorem, portfolio frontier, CAPM, CCAPM, APT, the Modigliani-Miller Theorem, no arbitrage/risk neutral evaluation and information in financial markets. Starting from an analysis of the empirical tests of the above theories, the author provides a discussion of the most recent literature, pointing out the main advancements within classical asset pricing theory and the new approaches designed to address open problems (e.g. behavioural finance). It is the only textbook to address the economic foundations of financial markets theory from a mathematically rigorous standpoint, and to offer a self-contained critical discussion, based on empirical results. <STRONG>Financial Markets Theory</STRONG> is an advanced book, well-suited for a first graduate course in financial markets, economics or financial mathematics. It is self-contained and introduces topics in a setting accessible to economists and practitioners equipped with a basic mathematical background. For those not acquainted with standard microeconomic theory, the tools needed to follow the analysis are presented early in the book. The approach makes this a vital handbook for practitioners in insurance, banking, investment funds and financial consultancy, as well as an excellent graduate-reference textbook. 
500 |a Electronic resource. 
650 0 |a Mathematics. 
650 0 |a Finance. 
650 7 |a Finance.  |2 fast  |0 (OCoLC)fst00924349 
650 7 |a Mathematics.  |2 fast  |0 (OCoLC)fst01012163 
655 7 |a Electronic books.  |2 local 
710 2 |a SpringerLink (Online service) 
830 0 |a Springer finance. 
856 4 0 |u http://proxy.library.tamu.edu/login?url=https://link.springer.com/10.1007/978-1-4471-0089-8  |z Connect to the full text of this electronic book  |t 0 
994 |a 92  |b TXA 
999 |a MARS 
999 f f |s 5af6ff62-0490-3738-8feb-3aa5e2e32b49  |i 0229a552-f5b2-3987-a1b0-9b66055a35fc  |t 0 
952 f f |a Texas A&M University  |b College Station  |c Electronic Resources  |s www_evans  |d Available Online  |t 0  |e HB135-147  |h Library of Congress classification 
998 f f |a HB135-147  |t 0  |l Available Online